000 00682nam a2200241Ia 4500
003 OSt
005 20221005133444.0
006 a|||||r|||| 00| 0
007 ta
008 221004b |||||||| |||| 00| 0 eng d
024 _a52363
037 _cTextual
040 _aCRL
_cCRL
_beng
041 _2eng
_aeng
082 _aQ6xD35:4, A
100 _aAugustine Aurelius
_974730
245 0 _aWriting in connection with the Manichaean Heresy, tr. by Richard Stothert
260 _c1870
490 _a(Works of Aurelius Augustine,ed. by Marcus Dods,5).
650 _aRELIGION
942 _hQ6xD35:4, A
_cTEXL
_2cc
999 _c1066878
_d1066878